MARC

LEADER 00000nam0a2200000 4500
001 61119
005 20231031062357.0
035 |a (RuTPU)RU\TPU\book\64671 
090 |a 61119 
100 |a 20040303d1972 km y0rusy50 ca 
101 0 |a rus 
102 |a RU 
105 |a a z 001zy 
200 1 |a Инфракрасные спектры поверхностных соединений и адсорбированных веществ  |f А. В. Киселев, В. И. Лыгин  |g Академия Наук СССР; Институт физической химии 
210 |a Москва  |c Наука  |d 1972 
215 |a 459 с.  |c ил. 
225 1 |a Химия поверхности и адсорбция 
320 |a Списки литературы в тексте. 
320 |a Именной указатель: с. 439-453. 
610 1 |a адсорбция 
610 1 |a спектроскопия 
610 1 |a соединения 
610 1 |a адгезия 
610 1 |a катализ 
610 1 |a химические соединения 
675 |a 544.723  |v 3 
700 1 |a Киселев  |b А. В.  |g Андрей Владимирович 
701 1 |a Лыгин  |b В. И.  |g Владимир Иванович 
712 0 2 |a Академия наук СССР (АН СССР)  |b Институт физической химии  |c (Москва)  |2 stltpush  |3 (RuTPU)RU\TPU\col\11504 
801 1 |a RU  |b 63413507  |c 20040303  |g PSBO 
801 2 |a RU  |b 63413507  |c 20131011  |g PSBO 
942 |c BK